Alaska Borough Capitals (with map) - Statistics

General Stats
  • This quiz has been taken 6 times
  • The average score is 3 of 11
Answers on the Map
Answers color-coded by a green-red scale on the quiz's map according to % correct below.
 
Answer Stats
Borough Answer % Correct
Fairbanks North Star Fairbanks
80%
North Slope Utqiagvik
80%
Kodiak Island Kodiak
40%
Ketchikan Gateway Ketchikan
20%
Lake and Peninsula (in Bristol Bay territory) King Salmon
20%
Matanuska-Susitna Palmer
20%
Denali Healy
0%
Northwest Arctic Kotzebzue
0%
Bristol Bay Naknek
0%
Aleutians East SandPoint
0%
Kenai Peninsula Soldotna
0%
No matching quizzes found
Score Distribution
Percent of People with Each Score
Percentile by Number Answered
Your Score History
You have not taken this quiz